000 00635nam a2200181Ia 4500
008 090124s9999 xx 000 0 und d
082 _b17842
_a2239
100 _aकाळे व.पु. (वसंत पुरुषोत्तम)
245 _a तुम्ही आम्ही
250 _a1
260 _c1971
300 _a136
600 _aकाळे व.पु. (वसंत पुरुषोत्तम)
630 _a तुम्ही आम्ही
700 _aकाळे व.पु. (वसंत पुरुषोत्तम)
730 _a तुम्ही आम्ही
942 _cBOOK
999 _c131782
_d131782